Religion Quiz

Random Religion or Islam Quiz
Score 0/6 Timer 02:30
0 Plays Today
Hint Answer % Correct
Born in Uzbekistan/ has collected the most hadiths in the modern worldSahih Bukhari
100%
Born in Nishapur, IranSahih Muslim
66.7%
Also from UzbekistanSunan al-Tirmidhi
33.3%
Only person in this list to have 'Abu' in his nameSunan Abu Dawood
33.3%
Born in TurkmenistanSunan al Nisa'i
33.3%
Only person to have 'Ibn' in his nameSunan Ibn Majah
33.3%
Remove Ads.
Support Sporcle.
Get the best of Sporcle when you Go Orange. This ad-free experience offers more features, more stats, and more fun while also helping to support Sporcle. Thank you for becoming a member.

You're not logged in!

Compare scores with friends on all Sporcle quizzes.
OR
Log In

Sporcle TV

Today on Sporcle TV


Watch our educational content, quiz creation guides, and fun videos on Sporcle TV.

Show Comments

Extras

Created May 18, 2020ReportNominate
Tags:Book Quiz, Islam Quiz

Top Quizzes Today


Score Distribution

Paid Content

Your Account Isn't Verified!

In order to create a playlist on Sporcle, you need to verify the email address you used during registration. Go to your Sporcle Settings to finish the process.

Report this User

Report this user for behavior that violates our Community Guidelines.

Details: